00886nam a2200217 a 450000100100000000500170001000800410002704000250006808200200009310000460011324500610015926000450022030000200026550000570028565000280034265000310037004900090040195201180041095201230052899900170065100002575720240412074252.0110222s2003 dr 000 p spa d aDO-SdBNPbspacBNPHU aRD861.44bC527a1 aChevalier, Reynaldo Paulinod1965-95256210aAve de mal agüero /cReynaldo Paulino Chevalier (Nan). aSanto Domingo :bLetra Gráfica,c2003. a47 p. ;c23 cm. aIncluye datos biográficos del autor en las solapas 0aPoesía dominicana966 0aLiteratura dominicana.967 aBNPD 0010718PDaPDbPDcCTd2011-02-22iLF1l0oRD861.44 C527ap25757-10r2020-06-25w2020-06-25yLFPDZNo se presta 0010718PDaPDbPDcCTd2011-02-22iLF1l0oRD861.44 C527ap25757-20r2020-06-25te.2w2020-06-25yLFPDZNo se presta c25249d25249